01459nam a22003255a 450000500170000000800410001701000160005804000280007408200240010210000340012611100820016024500980024226000400034030000340038049000570041450000820047150001180055350000150067150000410068650400420072759000120076965000540078165100100083565300310084571000560087671000600093294200120099299900150100495201140101920150824114548.0150824s1969 nyua|||fr|||| 00| 0 eng d a 72022770 aEG-ScBUEbengcEG-ScBUE04a338.6420982SMAb22 a20080729 2 aSeminar on Small-Scale Industry in Latin America ( d1966 : cQuito, Ecuador)10aSmall-scale industry in Latin America / cUnited Nations Industrial Development Organization. aNew York : bUnited Nations,c1969. axi, 323 p. :bill. ; c24 cm.0 aUnited Nations publication. Sales no.: E.69.II.B.37. aAt head of title: United Nations Industrial Development Organization, Vienna. aSponsored by the Economic Commission for Latin America, and others in cooperation with the Government of Ecuador. aDonations. aDonations - Bibliotheca Alexandrina. aIncludes bibliographical references.  ayasmeen 0aSmall businesszLatin AmericaxCongresses.2BUEsh 2BUEsh bBUSBOLbBUSECOcAugust20152 aUnited Nations Industrial Development Organization.2 aUnited Nations.bEconomic Commission for Latin America. cBB2ddc c3312d3312 00102ddc4070aMAINbMAINc1STd2007-04-03ePurchasel0o338.642098 SMAp000030116r2025-07-15 00:00:00yBB